Detalles MARC
| 000 -LEADER |
| campo de control de longitud fija |
02541nam a22003977a 4500 |
| 001 - NÚMERO DE CONTROL |
| campo de control |
42835 |
| 003 - IDENTIFICADOR DE NÚMERO DE CONTROL |
| campo de control |
gtgccic |
| 005 - FECHA Y HORA DE LA ÚLTIMA TRANSACCIÓN |
| campo de control |
20251027120054.0 |
| 007 - CAMPO FIJO DE DESCRIPCIÓN FÍSICA--INFORMACIÓN GENERAL |
| campo de control de longitud fija |
ta |
| 008 - DATOS DE LONGITUD FIJA--INFORMACIÓN GENERAL |
| campo de control de longitud fija |
251027b gt ||||| |||| 00| 0 spa d |
| 040 ## - FUENTE DE CATALOGACIÓN |
| Centro catalogador/agencia de origen |
gtgccic |
| Lengua de catalogación |
spa |
| Centro/agencia transcriptor |
gtgccic |
| Normas de descripción |
rda |
| 084 ## - OTRO NÚMERO DE CLASIFICACIÓN |
| Número de control del registro de autoridad o número normalizado |
TPI-15-0085 |
| 100 10 - ENTRADA PRINCIPAL--NOMBRE DE PERSONA |
| Nombre de persona |
German Leonel De León Trinidad |
| Fechas asociadas al nombre |
Ingeniero Electricista |
| Término indicativo de función/relación |
autor |
| 245 10 - MENCIÓN DEL TÍTULO |
| Título |
Desarrollo de un sistema logístico de control y monitoreo para mejorar la productividad en la construcción de las instalaciones eléctricas de edificios / |
| Mención de responsabilidad, etc. |
De León Trinidad, German Leonel |
| 264 #1 - PRODUCCIÓN, PUBLICACIÓN, DISTRIBUCIÓN, FABRICACIÓN Y COPYRIGHT |
| Producción, publicación, distribución, fabricación y copyright |
Guatemala, Guatemala : |
| Nombre del de productor, editor, distribuidor, fabricante |
USAC, Facultad de Ingeniería ; |
| Fecha de producción, publicación, distribución, fabricación o copyright |
2015.- |
| 300 ## - DESCRIPCIÓN FÍSICA |
| Extensión |
xxx, 94 pag. : |
| Otras características físicas |
il. ; |
| Dimensiones |
27 cm |
| 336 ## - TIPO DE CONTENIDO |
| Fuente |
rdacontenido |
| Término de tipo de contenido |
Texto |
| Código de tipo de contenido |
txt |
| 337 ## - TIPO DE MEDIO |
| Fuente |
rdamedio |
| Nombre/término del tipo de medio |
sin mediación |
| Código del tipo de medio |
n |
| 338 ## - TIPO DE SOPORTE |
| Fuente |
rdasoporte |
| Nombre/término del tipo de soporte |
volumen |
| Código del tipo de soporte |
nc |
| 502 ## - NOTA DE TESIS |
| Nota de tesis |
Tesis Postgrado |
| Tipo de título |
MAESTRO EN GESTIÓN INDUSTRIAL |
| Nombre de la institución que otorga el título |
USAC, Facultad de Ingeniería, Escuela de Postgrado |
| Año de obtención del título |
2015 |
| Identificador de la tesis |
TPI-15-0085 |
| 504 ## - NOTA DE BIBLIOGRAFÍA, ETC. |
| Nota de bibliografía, etc. Nota |
Bibliografía pag. 91 |
| 505 ## - NOTA DE CONTENIDO CON FORMATO |
| Título |
1. DESCRIPCIÓN DE LA EMPRESA |
| 505 ## - NOTA DE CONTENIDO CON FORMATO |
| Título |
2. INSTALACIONES ELÉCTRICAS DE UN EDIFICIO |
| 505 ## - NOTA DE CONTENIDO CON FORMATO |
| Título |
3. COMPARACIÓN TÉCNICA DE CONDUCTORES DE COBRE CONTRA CONDUCTORES DE ALUMINIO |
| 505 ## - NOTA DE CONTENIDO CON FORMATO |
| Título |
4. GESTIÓN LOGÍSTICA DE MATERIALES ELÉCTRICOS EN OBRA |
| 505 ## - NOTA DE CONTENIDO CON FORMATO |
| Título |
5. EXCEDENTES Y DESPERDICIOS DE MATERIALES ELÉCTRICOS EN OBRA |
| 505 ## - NOTA DE CONTENIDO CON FORMATO |
| Título |
6. PRESENTACIÓN DE RESULTADOS |
| 505 ## - NOTA DE CONTENIDO CON FORMATO |
| Título |
7. ANÁLISIS Y DISCUSIÓN DE RESULTADOS |
| 520 #3 - RESUMEN, ETC. |
| Sumario, etc. |
En la industria de la construcción, existen factores que por lo general inciden en la rentabilidad de los proyectos, dentro de los cuales se encuentra, el bajo desempeño en el manejo y mala utilización de los materiales eléctricos en la construcción de las instalaciones eléctricas de edificios, tema que es muy importante porque de no controlarse y manejarse debidamente, puede ocasinar pérdidas sustanciales en la ejecución de los respectivos proyectos y afectar significativamente en los costos presuspuestados. El trabajo se ha realizado con un diseño cuyo enfoque es mixto de estudio descriptivo, donde se enumeran características inherentes a la construcción de las instalaciones eléctricas de edificios. El estudio es de tipo no experimental, porque la información fue tomada en la propia obra en ejecución, en cuyo momento las variables en cuestión son evaluadas con precisión. |
| 650 ## - PUNTO DE ACCESO ADICIONAL DE MATERIA--TÉRMINO DE MATERIA |
| Término de materia o nombre geográfico como elemento de entrada |
CONTROL |
| 650 ## - PUNTO DE ACCESO ADICIONAL DE MATERIA--TÉRMINO DE MATERIA |
| Término de materia o nombre geográfico como elemento de entrada |
PRODUCTIVIDAD |
| 650 ## - PUNTO DE ACCESO ADICIONAL DE MATERIA--TÉRMINO DE MATERIA |
| Término de materia o nombre geográfico como elemento de entrada |
EDIFICIOS |
| 700 ## - ENTRADA AGREGADA--NOMBRE PERSONAL |
| Nombre de persona |
MSc. Ing. César Adrían Estrada Duque |
| Término indicativo de función/relación |
asesor |
| 942 ## - ELEMENTOS DE ENTRADA SECUNDARIOS (KOHA) |
| Fuente de la clasificación o esquema de estantería |
Clasificación Decimal Dewey |
| Tipo de ítem Koha |
TESISPOSTGRADO |
| 945 ## - PROCESAMIENTO DE INFORMACIÓN LOCAL (OCLC) |
| a |
amlo |